[Event "Tata Steel-C 74th"]
[Site "Wijk aan Zee"]
[Date "2012.01.20"]
[Round "6"]
[White "Paehtz, Elisabeth"]
[Black "Brandenburg, Daan"]
[Result "1/2-1/2"]
[WhiteElo "2454"]
[BlackElo "2527"]
[PlyCount "118"]
[EventDate "2012.01.14"]
[EventType "tourn"]
[EventRounds "13"]
[EventCountry "NED"]
[EventCategory "9"]
[SourceTitle "CBM 147"]
[Source "ChessBase"]
[SourceDate "2012.03.16"]
[SourceVersion "1"]
[SourceVersionDate "2012.03.16"]
[SourceQuality "1"]

1. e4 e6 2. d4 d5 3. Nc3 Nf6 4. e5 Nfd7 5. f4 c5 6. Nf3 Nc6 7. Be3 cxd4 8. Nxd4 Bc5 9. Qd2 0-0 10. 0-0-0 a6 11. Nb3 Bxe3 12. Qxe3 f6 13. exf6 Nxf6 14. Be2 e5 15. fxe5 Re8 16. Bf3 Rxe5 17. Qd2 Be6 18. Rhe1 Rxe1 19. Rxe1 Qd6 20. Nd4 Nxd4 21. Qxd4 Rd8 22. g4 h6 23. h4 Qg3 24. Rxe6 Qxf3 25. g5 hxg5 26. hxg5 Qf1+ 27. Nd1 Nh5 28. Re7 b5 29. Qb6 Qf4+ 30. Ne3 Rd6 31. Qb8+ Kh7 32. Qe8 Qxg5 33. Re5 Qg1+ 34. Nd1 Nf6 35. Qe7 Rc6 36. Qb7 Rxc2+ 37. Kxc2 Qh2+ 38. Kc1 Qxe5 39. Qxa6 Qf4+ 40. Kc2 Qc4+ 41. Nc3 b4 42. Qxc4 dxc4 43. Nd1 Nd5 44. a3 bxa3 45. bxa3 g5 46. Nf2 Kg6 47. a4 Kf5 48. a5 Ke5 49. a6 Kd4 50. a7 Nc7 51. Ng4 Ke4 52. Nf6+ Ke5 53. Ng4+ Kd5 54. Nf6+ Kc6 55. Kc3 Kc5 56. Ne4+ Kd5 57. Nxg5 Nb5+ 58. Kc2 Nxa7 59. Nf3 Nc6 1/2-1/2

[Event "Tata Steel-C 74th"]
[Site "Wijk aan Zee"]
[Date "2012.01.19"]
[Round "5"]
[White "Brandenburg, Daan"]
[Black "Sachdev, Tania"]
[Result "1/2-1/2"]
[WhiteElo "2527"]
[BlackElo "2411"]
[PlyCount "87"]
[EventDate "2012.01.14"]
[EventType "tourn"]
[EventRounds "13"]
[EventCountry "NED"]
[EventCategory "9"]
[SourceTitle "CBM 147"]
[Source "ChessBase"]
[SourceDate "2012.03.16"]
[SourceVersion "1"]
[SourceVersionDate "2012.03.16"]
[SourceQuality "1"]

1. e4 e6 2. d4 d5 3. exd5 exd5 4. Bd3 Nf6 5. Ne2 c5 6. c3 Nc6 7. 0-0 cxd4 8. Nxd4 Nxd4 9. cxd4 Be7 10. Nc3 0-0 11. Re1 Be6 12. Bf4 a6 13. a4 Re8 14. Qb3 Bd6 15. Bxd6 Qxd6 16. h3 Rab8 17. Rac1 Nh5 18. Re5 Nf4 19. Bf1 Ng6 20. Re3 Ne7 21. Na2 Nc6 22. Qb6 Rec8 23. Rb3 Qd7 24. Nb4 Nxb4 25. Rxc8+ Rxc8 26. Qxb4 Rc7 27. a5 g6 28. Qd2 Qa4 29. Ra3 Qc6 30. Rc3 Qd6 31. Rb3 Bf5 32. Rb6 Qd7 33. Qf4 Qc8 34. g4 Be6 35. Kg2 Rc6 36. Rb4 Bd7 37. Kg3 Re6 38. Bg2 Bc6 39. Rb3 Qd8 40. Rf3 Be8 41. Rc3 Bc6 42. Rf3 Be8 43. Rc3 Bc6 44. Rf3 1/2-1/2

[Event "Groningen op-A 48th"]
[Site "Groningen"]
[Date "2011.12.30"]
[Round "9"]
[White "Michiels, Bart"]
[Black "Brandenburg, Daan"]
[Result "1/2-1/2"]
[WhiteElo "2492"]
[BlackElo "2519"]
[PlyCount "114"]
[EventDate "2011.12.21"]
[EventType "swiss"]
[EventRounds "9"]
[EventCountry "NED"]
[SourceTitle "CBM 146 Extra"]
[Source "ChessBase"]
[SourceDate "2012.02.29"]
[SourceVersion "1"]
[SourceVersionDate "2012.02.29"]
[SourceQuality "1"]

1. d4 Nf6 2. c4 c5 3. d5 b5 4. Nf3 Bb7 5. a4 Qa5+ 6. Bd2 b4 7. Qc2 g6 8. e4 d6 9. Bd3 Bg7 10. 0-0 Nbd7 11. h3 0-0 12. Be3 Rae8 13. Nbd2 h6 14. Rfe1 e5 15. g4 Kh8 16. Nf1 Bc8 17. Ng3 Ng8 18. Kg2 Ndf6 19. Rh1 Ne7 20. Rag1 Nfg8 21. b3 Bd7 22. Kf1 Qd8 23. Rg2 Qc8 24. Rhg1 Nf6 25. Qc1 Kh7 26. Nf5 Bxf5 27. gxf5 Rh8 28. h4 Kg8 29. Nh2 Kf8 30. f4 Nd7 31. Nf3 Nxf5 32. exf5 e4 33. fxg6 f5 34. Be2 exf3 35. Bxf3 Nf6 36. h5 Ne4 37. Re2 Bf6 38. Bxe4 Rxe4 39. Qc2 Kg7 40. Rgg2 Rhe8 41. Bc1 Bd4 42. Qd3 Qd8 43. Rxe4 Rxe4 44. Qh3 Qe7 45. Bd2 Be3 46. Qxf5 Rxf4+ 47. Qxf4 Bxf4 48. Bxf4 Qe4 49. Bxh6+ Kxh6 50. g7 Qb1+ 51. Kf2 Qc2+ 52. Kf1 Qd1+ 53. Kf2 Qd4+ 54. Ke2 Qe5+ 55. Kf1 Qf6+ 56. Ke2 Qb2+ 57. Kf1 Qc1+ 1/2-1/2

[Event "Groningen op-A 48th"]
[Site "Groningen"]
[Date "2011.12.29"]
[Round "8"]
[White "Brandenburg, Daan"]
[Black "Tarasova, Viktoriya"]
[Result "1-0"]
[WhiteElo "2519"]
[BlackElo "2294"]
[PlyCount "97"]
[EventDate "2011.12.21"]
[EventType "swiss"]
[EventRounds "9"]
[EventCountry "NED"]
[SourceTitle "CBM 146 Extra"]
[Source "ChessBase"]
[SourceDate "2012.02.29"]
[SourceVersion "1"]
[SourceVersionDate "2012.02.29"]
[SourceQuality "1"]

1. e4 e5 2. Nf3 Nc6 3. Bb5 a6 4. Ba4 Nf6 5. 0-0 Be7 6. Re1 b5 7. Bb3 d6 8. c3 0-0 9. h3 Nb8 10. d4 Nbd7 11. Nbd2 Bb7 12. Bc2 Re8 13. Nf1 Bf8 14. Ng3 g6 15. b3 Bg7 16. d5 Rc8 17. Rb1 c6 18. c4 Qc7 19. Bd3 bxc4 20. bxc4 Nc5 21. Bf1 a5 22. Ba3 Nfd7 23. Qd2 Rb8 24. Nh2 h5 25. Nf3 Bf6 26. h4 cxd5 27. cxd5 Ba6 28. Rbc1 Bxf1 29. Nxf1 Qd8 30. g3 Qb6 31. Rc3 Rec8 32. Qc2 Qd8 33. N1d2 Be7 34. Rc1 Rb5 35. Nb3 Bf8 36. Nxc5 Nxc5 37. Rb1 Rxb1+ 38. Qxb1 Rb8 39. Qc2 Qe8 40. Kg2 f6 41. Nd2 a4 42. Nc4 Nb7 43. Nb2 Ra8 44. Rc4 f5 45. exf5 Qf7 46. fxg6 Qxd5+ 47. Kh2 Qf3 48. Rc3 Qf6 49. Rc7 1-0

[Event "Groningen op-A 48th"]
[Site "Groningen"]
[Date "2011.12.22"]
[Round "2"]
[White "Ypma, Peter"]
[Black "Brandenburg, Daan"]
[Result "1-0"]
[WhiteElo "2105"]
[BlackElo "2519"]
[PlyCount "89"]
[EventDate "2011.12.21"]
[EventType "swiss"]
[EventRounds "9"]
[EventCountry "NED"]
[SourceTitle "CBM 146 Extra"]
[Source "ChessBase"]
[SourceDate "2012.02.29"]
[SourceVersion "1"]
[SourceVersionDate "2012.02.29"]
[SourceQuality "1"]

1. e4 e6 2. d4 d5 3. exd5 exd5 4. Bd3 Bd6 5. Ne2 Nf6 6. Bf4 0-0 7. 0-0 Re8 8. Bxd6 Qxd6 9. h3 Nc6 10. c3 Ne7 11. Ng3 Ng6 12. Nd2 Nf4 13. Nf3 g6 14. Ne5 Bxh3 15. gxh3 Nxh3+ 16. Kh2 Nf4 17. Qf3 Nxd3 18. Qxd3 Ne4 19. Nxe4 dxe4 20. Qg3 f5 21. f4 exf3 22. Rxf3 Rf8 23. Qf4 Rae8 24. Rg1 Rf6 25. Rg2 Re7 26. Kg1 a5 27. Qg5 Kf8 28. Re2 Rfe6 29. Rg2 Rf6 30. Re2 Rfe6 31. Rfe3 Qd5 32. Qg2 Qxa2 33. Qxb7 Kg7 34. Qg2 Qa4 35. Qf1 c5 36. d5 Rb6 37. c4 Qe8 38. Qf4 Qb8 39. Nd3 Rxe3 40. Qxb8 Rxb8 41. Rxe3 g5 42. Nxc5 Rxb2 43. d6 Rd2 44. d7 Kf7 45. Nd3 1-0

[Event "Hoogeveen Unive op 15th"]
[Site "Hoogeveen"]
[Date "2011.10.22"]
[Round "9"]
[White "Peelen, Piet"]
[Black "Brandenburg, Daan"]
[Result "1/2-1/2"]
[WhiteElo "2354"]
[BlackElo "2522"]
[PlyCount "353"]
[EventDate "2011.10.14"]
[EventType "swiss"]
[EventRounds "9"]
[EventCountry "NED"]
[SourceTitle "CBM 144 Extra"]
[Source "ChessBase"]
[SourceDate "2011.10.28"]
[SourceVersion "1"]
[SourceVersionDate "2011.10.28"]
[SourceQuality "1"]

1. Nf3 Nf6 2. c4 e6 3. g3 c5 4. Bg2 a6 5. Nc3 Be7 6. 0-0 0-0 7. d4 cxd4 8. Nxd4 Qc7 9. Qd3 Nc6 10. b3 b6 11. Bf4 Qb7 12. Rfd1 Ra7 13. Rac1 Qa8 14. Na4 Nb4 15. Qb1 Bb7 16. Nxb6 Qd8 17. Na4 Bxg2 18. Kxg2 Qc8 19. Nf3 Rb7 20. Bd6 Bxd6 21. Rxd6 Qc7 22. Rd2 d6 23. Rcd1 Rd8 24. Kg1 h6 25. Nd4 Rbb8 26. a3 Nc6 27. Nxc6 Qxc6 28. Qc2 Kf8 29. f3 Ke7 30. Kg2 g5 31. Rd3 Rd7 32. Qd2 Qc7 33. Qe3 Qc6 34. h3 Qc7 35. c5 dxc5 36. Nxc5 Rxd3 37. Rxd3 Rb6 38. b4 Rc6 39. Qd2 a5 40. Rd4 axb4 41. axb4 Qe5 42. Nd7 Nxd7 43. Rxd7+ Kf6 44. Kf2 Rb6 45. h4 Rb5 46. Rd4 Rd5 47. hxg5+ hxg5 48. Rxd5 exd5 49. Qe3 Qb2 50. Qc5 d4 51. Qd6+ Kg7 52. Qe5+ f6 53. Qe7+ Kg6 54. Qe8+ Kh6 55. Qf8+ Kg6 56. Qg8+ Kh6 57. Qf8+ Kg6 58. Qe7 d3 59. Qe4+ Kh6 60. Qxd3 Qxb4 61. g4 Qc5+ 62. Qe3 Qd6 63. Kg2 Qc7 64. Qd4 Kg7 65. Kf2 Qe7 66. Qc4 Qa7+ 67. Ke1 Qd7 68. Qd3 Qb7 69. Kd1 Qb2 70. Qd7+ Kg8 71. Qc8+ Kg7 72. Qc7+ Kg8 73. Qc2 Qa1+ 74. Kd2 Qd4+ 75. Qd3 Qb2+ 76. Ke3 Qe5+ 77. Qe4 Qc3+ 78. Kf2 Kg7 79. Qe7+ Kg6 80. Qe8+ Kg7 81. Qd7+ Kg8 82. Qa7 Kf8 83. Qe3 Qb4 84. Qc1 Qd4+ 85. Kf1 Kg7 86. Qb1 Qa7 87. Qb4 Qa1+ 88. Kf2 Qa7+ 89. Ke1 Qd7 90. Qc5 Qd8 91. Qc3 Qd6 92. Qd2 Qc6 93. Qd4 Qc1+ 94. Kf2 Kg6 95. Qd5 Kg7 96. Qd7+ Kg6 97. Qe7 Qc3 98. Qd6 Qc1 99. Qd5 Kg7 100. Qd7+ Kg8 101. Qd3 Kg7 102. Qd7+ Kg8 103. Qe6+ Kg7 104. Qa2 Qc5+ 105. e3 Qc7 106. Kg2 Qe7 107. Qd2 Qc7 108. Qd3 Qa7 109. f4 Qb7+ 110. Kg3 gxf4+ 111. exf4 Qa7 112. Kf3 Qb7+ 113. Qe4 Qd7 114. Qe3 Qb7+ 115. Kg3 Qd7 116. Qc3 Kf7 117. Qb3+ Kg7 118. Qc3 Kf7 119. Qc4+ Kg7 120. Qe4 Qa7 121. Kf3 Qd7 122. Kg3 Qa7 123. Kf3 Qd7 124. Qf5 Qe7 125. Qd5 Qe1 126. Qd7+ Kg8 127. Qc8+ Kg7 128. Qb7+ Kg8 129. Qc8+ Kg7 130. Qc7+ Kg8 131. Qb8+ Kg7 132. Qa7+ Kg8 133. Qe3 Qh1+ 134. Kg3 Qa1 135. f5 Kg7 136. Qe7+ Kg8 137. Qd8+ Kg7 138. Qc7+ Kg8 139. Qd8+ Kg7 140. Qd7+ Kg8 141. Qd5+ Kg7 142. Qd7+ Kg8 143. Qe6+ Kg7 144. Qe7+ Kg8 145. Kf2 Qd4+ 146. Kf3 Qd3+ 147. Qe3 Qf1+ 148. Ke4 Qg2+ 149. Qf3 Qb2 150. Qd1 Qe5+ 151. Kf3 Qc3+ 152. Kf2 Kg7 153. Qe2 Qc7 154. Kf3 Qb7+ 155. Qe4 Qc7 156. Ke2 Qd7 157. Ke3 Qc7 158. Kd4 Qa7+ 159. Kd3 Qa3+ 160. Ke2 Qb2+ 161. Kf3 Qc3+ 162. Qe3 Qc6+ 163. Kf2 Qc7 164. Qd4 Qc2+ 165. Ke3 Qc1+ 166. Kf2 Qc7 167. Kg2 Qb7+ 168. Kg3 Qc7+ 169. Kf3 Qb7+ 170. Ke2 Qe7+ 171. Kd2 Qb7 172. Kc3 Qf3+ 173. Kb4 Qb7+ 174. Ka5 Qc7+ 175. Kb5 Qb7+ 176. Kc4 Qc6+ 177. Kd3 1/2-1/2